| 000 | 01500nam0a22002651 4500 | ||
|---|---|---|---|
| 001 | rc\3008369 | ||
| 005 | 20250806200935.0 | ||
| 035 | _a(NLR Aleph) 007151053 | ||
| 090 |
_a4087 _c4087 |
||
| 100 | _a20110922d1945 u y0rusy50 ca | ||
| 101 | 0 | _arus | |
| 102 | _aRU | ||
| 105 | _ay z ||||| | ||
| 200 | 1 |
_aПостановления VI пленума ЦК Профсоюза рабочих стекольной промышленности СССР от 16-18 мая 1945 года _h1 _iО решениях XIII пленума ВЦСПС _h2 _iОб итогах Всемирной профсоюзной конференции _h3 _iО выполнении профбюджета за 1944 г. и утверждение профбюджета на 1945 г. _h4 _iОб итогах выполнения бюджета гос. соц. страхования за 1944 г. и утверждение бюджета на 1945 г. |
|
| 210 |
_a[Москва] _cЦК Профсоюза рабочих стекольной пром-сти _d1945 _gтип. № 11 |
||
| 215 |
_a28 с., [4] с. "Для заметок" _d20 см |
||
| 300 | _aБез тит. л. | ||
| 710 | 0 | 2 |
_aСоюз рабочих стекольной промышленности СССР _bЦК _bПленум _f1945. Май |
| 801 | 0 |
_aRU _bNLR _gpsbo |
|
| 801 | 1 |
_aRU _bELAR _2rusmarc |
|
| 852 |
_aNLR _jИр70 Г-4/65 |
||
| 942 | _cBOOK | ||
| 945 | _aРоссийская национальная библиотека | ||
| 980 | _aNB | ||
| 980 | _aBV | ||